[Event "Stay Safe Play From Home 349"]
[Site "Emanuel Lasker Arena"]
[Date "2020.08.02"]
[Round "3"]
[White "little champs"]
[Black "SelamiSahin"]
[Result "1-0"]
[WhiteElo "2119"]
[BlackElo "2162"]
[Annotator "TA"]
[PlyCount "85"]
[EventDate "2020.08.02"]
[EventType "swiss (blitz)"]

{[%evp 12,85,-19,-22,21,-25,-20,-24,-23,-28,-24,-56,-42,-76,-52,-60,-58,-69,-74,-91,62,60,54,24,106,83,118,38,93,0,145,142,121,63,289,285,326,343,301,186,192,185,225,216,1047,239,263,198,206,203,205,200,325,159,295,264,281,288,270,191,820,313,928,928,29965,531,29970,1078,29987,29988,29990,29989,29991,29990,29990,4768]} 1. e4 c6 2. Nc3 d5 3. exd5 cxd5 4. d4 Nc6 5. Nf3 Bg4 6. Be2 e6 7. O-O Qc7 {B13: Caro-Kann: Exchange Variation and Panov-Botvinnik Attack.} 8. Be3 a6 9. h3 Bh5 {[#] Black has an edge.} 10. Re1 $146 ({Predecessor:} 10. a3 Bd6 11. Qd2 Nge7 12. Rad1 O-O 13. Rfe1 b5 14. Qd3 Na5 15. b4 Nc4 16. Ra1 {0-1 (32) Novak,R-Fiala,D Plzen 1995}) 10... Bd6 11. a4 Nge7 12. Nd2 Bxe2 13. Qxe2 O-O 14. Nb3 Nf5 15. Qd3 {and if Nxd5! works, White does fine.} h6 $2 {[#]} (15... Bh2+ $17 16. Kh1 Nb4) 16. Nxd5 $1 $14 {[%mdl 512]} Qd8 (16... exd5 17. Qxf5) 17. Nc3 Bb4 (17... Rc8 $11 {remains equal.}) 18. Red1 $16 Qh4 19. d5 (19. Nb1 $16) 19... Bxc3 ({Black should play} 19... Ne5 $14 20. Qe4 Qxe4 21. Nxe4 exd5 22. Rxd5 Nxe3 23. fxe3 Nc4) 20. bxc3 (20. dxc6 $16 Bxb2 21. cxb7) 20... Nce7 (20... Rfd8 $11) 21. dxe6 fxe6 22. Qd7 ({Better is} 22. Nc5 $16) 22... Rad8 $2 {This move loses the game for Black.} (22... Qf6 $1 $14) 23. Qxe6+ $18 Kh8 24. Rxd8 Rxd8 25. Nd4 Nxe3 26. Qxe3 Nd5 {[#]} 27. Qf3 $1 {Black must now prevent Ne6.} Qg5 $2 (27... Qf4 28. Rd1 Rd7) 28. Rd1 $2 (28. Ne6 Qf6 29. Qxf6 Nxf6 30. Nxd8) 28... Nf4 29. Re1 Rf8 30. Re4 Ng6 31. Qe3 Qa5 (31... Qxe3 {keeps fighting.} 32. Rxe3 Rc8) 32. Re8 (32. f4 $18) 32... Kh7 (32... Qxa4 $16 {is a better defense.} 33. Re4 Qd7) 33. Rxf8 Nxf8 34. Qe4+ Ng6 35. h4 h5 $2 (35... Qe5 36. Qf5 (36. Qxb7 Qe1+ 37. Kh2 Qxf2 $16) 36... Qxf5 37. Nxf5 Ne5) 36. f4 $2 (36. Ne6) 36... Qxa4 $2 (36... Qc5 37. f5 Ne5) 37. f5 Nxh4 38. Qxh4 (38. f6+ $142 Kh6 39. f7 Ng6 40. Nf5+ {[%mdl 64] Discovered Attack} Kg5 41. Qxa4 Kxf5 42. Qd4 a5 43. Qxg7) 38... Kh6 39. f6 (39. Qg3 $142 Kh7 40. Qg6+ Kh8 41. f6 gxf6 42. Qxf6+ Kg8 43. Nf5 Qd7 44. Ne7+ Qxe7 45. Qxe7) 39... Qa1+ 40. Kh2 {White mates.} g5 41. Qe4 Qxc3 42. Nf5+ Kg6 43. Ne7+ {Accuracy: White = 41%, Black = 32%.} (43. Ne3+ $142 Kxf6 44. Nd5+ {[%mdl 64] Double Attack} Kf7 45. Nxc3 {[%mdl 64] Discovered Attack} h4 46. Nd5 g4 47. Qxg4 a5 48. Qf5+ Kg7 49. Qf6+ {[%mdl 64] Double Attack} Kg8 50. Ne7+ Kh7 51. Qg6+ Kh8 52. Qh6#) 1-0

[Event "Stay Safe Play From Home 349"]
[Site "Emanuel Lasker Arena"]
[Date "2020.08.02"]
[Round "3"]
[White "Haris kollari 13"]
[Black "NTBT_DHS"]
[Result "0-1"]
[WhiteElo "1717"]
[BlackElo "2558"]
[Annotator "NA"]
[PlyCount "54"]
[EventDate "2020.08.02"]
[EventType "swiss (blitz)"]

1. e4 {[%emt 0:00:01]} g6 {[%emt 0:00:00]} 2. f4 {[%emt 0:00:02]} Bg7 {[%emt 0:00:00]} 3. Nf3 {[%emt 0:00:00]} d5 {[%emt 0:00:00]} 4. e5 {[%emt 0:00:01]} Nh6 {[%emt 0:00:00]} 5. d4 {[%emt 0:00:01]} O-O {[%emt 0:00:00]} 6. c3 {[%emt 0:00:01]} c5 {[%emt 0:00:00]} 7. Bd3 {[%emt 0:00:01]} Nc6 {[%emt 0:00:00]} 8. Be3 {[%emt 0:00:02]} Bg4 {[%emt 0:00:01]} 9. O-O {[%emt 0:00:02]} Nf5 {[%emt 0:00:00]} 10. Bf2 {[%emt 0:00:02]} cxd4 {[%emt 0:00:01]} 11. Bxf5 {[%emt 0:00:01]} Bxf5 {[%emt 0:00:01]} 12. cxd4 {[%emt 0:00:01]} Nb4 {[%emt 0:00:01]} 13. Na3 {[%emt 0:00:02]} Rc8 {[%emt 0:00:01]} 14. h3 {[%emt 0:00:06]} Nd3 {[%emt 0:00:03]} 15. Qd2 {[%emt 0:00:04]} Qb6 {[%emt 0:00:01]} 16. g4 {[%emt 0:00:07]} Be4 {[%emt 0:00:01]} 17. Ng5 {[%emt 0:00:01]} Nxf2 {[%emt 0:00:06]} 18. Rxf2 {[%emt 0:00:01]} f5 {[%emt 0:00:01]} 19. Rc1 {[%emt 0:00:07]} h6 {[%emt 0:00:05]} 20. Nxe4 {[%emt 0:00:07]} fxe4 {[%emt 0:00:00]} 21. Rc3 {[%emt 0:00:02]} e6 {[%emt 0:00:03]} 22. f5 {[%emt 0:00:01]} exf5 {[%emt 0:00:01]} 23. gxf5 {[%emt 0:00:01]} Rxc3 {[%emt 0:00:01]} 24. bxc3 {[%emt 0:00:01]} gxf5 {[%emt 0:00:01]} 25. Qf4 {[%emt 0:00:02]} Qg6+ {[%emt 0:00:02]} 26. Kh2 {[%emt 0:00:01]} Qg5 {[%emt 0:00:01]} 27. Nb5 {[%emt 0:00:02]} e3 {[%emt 0:00:01] Time (Lag: Av=0.74s, max=1.3s)} 0-1

[Event "Stay Safe Play From Home 349"]
[Site "Emanuel Lasker Arena"]
[Date "2020.08.02"]
[Round "3"]
[White "Edmatuag"]
[Black "Padmaesh M K"]
[Result "0-1"]
[WhiteElo "1669"]
[BlackElo "1875"]
[Annotator "NA"]
[PlyCount "88"]
[EventDate "2020.08.02"]
[EventType "swiss (blitz)"]

1. e4 {[%emt 0:00:01]} d6 {[%emt 0:00:01]} 2. Nf3 {[%emt 0:00:01]} e5 {[%emt 0:00:00]} 3. d4 {[%emt 0:00:01]} Nc6 {[%emt 0:00:00]} 4. d5 {[%emt 0:00:01]} Nce7 {[%emt 0:00:01]} 5. Bd3 {[%emt 0:00:01]} Nf6 {[%emt 0:00:00]} 6. c4 {[%emt 0:00:01]} Bg4 {[%emt 0:00:00]} 7. Nc3 {[%emt 0:00:01]} Ng6 {[%emt 0:00:01]} 8. Be3 {[%emt 0:00:01]} Be7 {[%emt 0:00:01]} 9. h3 {[%emt 0:00:01]} Bxf3 {[%emt 0:00:02]} 10. Qxf3 {[%emt 0:00:01]} Qd7 {[%emt 0:00:01]} 11. g3 {[%emt 0:00:02]} O-O-O {[%emt 0:00:02]} 12. O-O-O {[%emt 0:00:01]} Kb8 {[%emt 0:00:02]} 13. Kb1 {[%emt 0:00:01]} a6 {[%emt 0:00:01]} 14. b3 {[%emt 0:00:02]} c6 {[%emt 0:00:07]} 15. Na4 {[%emt 0:00:03]} Rc8 {[%emt 0:00:02]} 16. Nb6 {[%emt 0:00:02]} Qc7 {[%emt 0:00:01]} 17. Nxc8 {[%emt 0:00:00]} Rxc8 {[%emt 0:00:00]} 18. Rc1 {[%emt 0:00:04]} c5 {[%emt 0:00:02]} 19. Qd1 {[%emt 0:00:02]} Qa5 {[%emt 0:00:01]} 20. Qd2 {[%emt 0:00:02]} Qa3 {[%emt 0:00:02]} 21. Qb2 {[%emt 0:00:01]} Qb4 {[%emt 0:00:01]} 22. Bd2 {[%emt 0:00:01]} Qb6 {[%emt 0:00:01]} 23. Qa3 {[%emt 0:00:01]} Nd7 {[%emt 0:00:05]} 24. Ba5 {[%emt 0:00:02]} Qa7 {[%emt 0:00:01]} 25. b4 {[%emt 0:00:02]} Bd8 {[%emt 0:00:02]} 26. b5 {[%emt 0:00:03]} Bxa5 {[%emt 0:00:04]} 27. Qxa5 {[%emt 0:00:02]} axb5 {[%emt 0:00:00]} 28. Qxa7+ {[%emt 0:00:02]} Kxa7 {[%emt 0:00:01]} 29. cxb5 {[%emt 0:00:00]} b6 {[%emt 0:00:02]} 30. Rc4 {[%emt 0:00:01]} h5 {[%emt 0:00:02]} 31. Rhc1 {[%emt 0:00:03]} h4 {[%emt 0:00:00]} 32. Ra4+ {[%emt 0:00:01]} Kb7 {[%emt 0:00:01]} 33. Rc3 {[%emt 0:00:02]} Ra8 {[%emt 0:00:02]} 34. Rca3 {[%emt 0:00:01]} Rxa4 {[%emt 0:00:01]} 35. Rxa4 {[%emt 0:00:00]} hxg3 {[%emt 0:00:02]} 36. fxg3 {[%emt 0:00:02]} Nf6 {[%emt 0:00:00]} 37. Bc2 {[%emt 0:00:01]} Nh5 {[%emt 0:00:01]} 38. Ra3 {[%emt 0:00:01]} Nf6 {[%emt 0:00:03]} 39. Rf3 {[%emt 0:00:01]} Ne7 {[%emt 0:00:01]} 40. h4 {[%emt 0:00:01]} Ng6 {[%emt 0:00:01]} 41. Rf5 {[%emt 0:00:02]} Ne7 {[%emt 0:00:01]} 42. Rxf6 {[%emt 0:00:01]} gxf6 {[%emt 0:00:01]} 43. Bd1 {[%emt 0:00:01]} Ng8 {[%emt 0:00:00]} 44. h5 {[%emt 0:00:01]} Nh6 {[%emt 0:00:00] Time (Lag: Av=0.77s, max=2.8s)} 0-1

[Event "Stay Safe Play From Home 349"]
[Site "Emanuel Lasker Arena"]
[Date "2020.08.02"]
[Round "3"]
[White "Trotsky"]
[Black "SoulofWolf"]
[Result "0-1"]
[WhiteElo "1595"]
[BlackElo "2042"]
[Annotator "RC"]
[PlyCount "60"]
[EventDate "2020.08.02"]
[EventType "swiss (blitz)"]

1. d4 {[%emt 0:00:02]} d5 {[%emt 0:00:00]} 2. e3 {[%emt 0:00:00]} Nf6 {[%emt 0:00:00]} 3. c4 {[%emt 0:00:01]} g6 {[%emt 0:00:00]} 4. Nc3 {[%emt 0:00:01]} h5 {[%emt 0:00:00]} 5. Bd3 {[%emt 0:00:01]} c6 {[%emt 0:00:01]} 6. Qc2 {[%emt 0:00:01]} Bg7 {[%emt 0:00:02]} 7. Bd2 {[%emt 0:00:01]} O-O {[%emt 0:00:01]} 8. Nf3 {[%emt 0:00:01]} Nbd7 {[%emt 0:00:01]} 9. Ng5 {[%emt 0:00:01]} Qe8 {[%emt 0:00:05]} 10. h4 {[%emt 0:00:02]} e5 {[%emt 0:00:02]} 11. f3 {[%emt 0:00:04]} dxc4 {[%emt 0:00:02]} 12. Bxc4 {[%emt 0:00:02]} b5 {[%emt 0:00:00]} 13. Bd3 {[%emt 0:00:02]} b4 {[%emt 0:00:01]} 14. Nce4 {[%emt 0:00:03]} exd4 {[%emt 0:00:01]} 15. O-O-O {[%emt 0:00:03]} Bb7 {[%emt 0:00:03]} 16. Nd6 {[%emt 0:00:02]} Qb8 {[%emt 0:00:02]} 17. Ndxf7 {[%emt 0:00:02]} Rxf7 {[%emt 0:00:01]} 18. Bxg6 {[%emt 0:00:01]} Re7 {[%emt 0:00:02]} 19. Bh7+ {[%emt 0:00:02]} Kh8 {[%emt 0:00:02]} 20. Qg6 {[%emt 0:00:01]} Qe8 {[%emt 0:00:03]} 21. Qd3 {[%emt 0:00:04]} dxe3 {[%emt 0:00:04]} 22. Bxb4 {[%emt 0:00:04]} c5 {[%emt 0:00:01]} 23. Bc3 {[%emt 0:00:01]} Nb6 {[%emt 0:00:02]} 24. Bxf6 {[%emt 0:00:03]} Bxf6 {[%emt 0:00:01]} 25. Bg6 {[%emt 0:00:05]} Qd7 {[%emt 0:00:04]} 26. Nf7+ {[%emt 0:00:03]} Kg7 {[%emt 0:00:02]} 27. Qf5 {[%emt 0:00:03]} Qxf5 {[%emt 0:00:01]} 28. Bxf5 {[%emt 0:00:01]} Kxf7 {[%emt 0:00:01]} 29. g4 {[%emt 0:00:02]} Bxf3 {[%emt 0:00:03] '} 30. Rdf1 {[%emt 0:00:02]} Bxh1 {[%emt 0:00:01] Âðåìÿ (Lag: Av=0.23s, max=0.8s) .} 0-1

[Event "Stay Safe Play From Home 349"]
[Site "Emanuel Lasker Arena"]
[Date "2020.08.02"]
[Round "4"]
[White "AChessPlayer"]
[Black "BrainThinker22"]
[Result "1-0"]
[WhiteElo "2391"]
[BlackElo "2447"]
[Annotator "NA"]
[PlyCount "85"]
[EventDate "2020.08.02"]
[EventType "swiss (blitz)"]

1. Nf3 {[%emt 0:00:02]} d5 {[%emt 0:00:01]} 2. g3 {[%emt 0:00:00]} e6 {[%emt 0:00:00]} 3. Bg2 {[%emt 0:00:00]} c5 {[%emt 0:00:00]} 4. O-O {[%emt 0:00:00]} Nc6 {[%emt 0:00:00]} 5. d3 {[%emt 0:00:00]} Nf6 {[%emt 0:00:00]} 6. Nbd2 {[%emt 0:00:00]} Be7 {[%emt 0:00:00]} 7. e3 {[%emt 0:00:00]} O-O {[%emt 0:00:00]} 8. e4 {[%emt 0:00:00]} Re8 {[%emt 0:00:00]} 9. Re1 {[%emt 0:00:01]} dxe4 {[%emt 0:00:01]} 10. dxe4 {[%emt 0:00:01]} e5 {[%emt 0:00:02]} 11. Qe2 {[%emt 0:00:03]} Be6 {[%emt 0:00:01]} 12. c3 {[%emt 0:00:01]} h6 {[%emt 0:00:01]} 13. Nc4 {[%emt 0:00:01]} Qc7 {[%emt 0:00:01]} 14. h3 {[%emt 0:00:01]} b5 {[%emt 0:00:01]} 15. Ncxe5 {[%emt 0:00:14]} Nxe5 {[%emt 0:00:02]} 16. Nxe5 {[%emt 0:00:00]} Qxe5 {[%emt 0:00:01]} 17. Bf4 {[%emt 0:00:00]} Qh5 {[%emt 0:00:01]} 18. g4 {[%emt 0:00:04]} Qg6 {[%emt 0:00:02]} 19. Qxb5 {[%emt 0:00:01]} Nxg4 {[%emt 0:00:09]} 20. hxg4 {[%emt 0:00:01]} Bxg4 {[%emt 0:00:00]} 21. Bg3 {[%emt 0:00:00]} Rac8 {[%emt 0:00:02]} 22. Re3 {[%emt 0:00:06]} Bf6 {[%emt 0:00:03]} 23. f4 {[%emt 0:00:01]} Qh5 {[%emt 0:00:04]} 24. e5 {[%emt 0:00:01]} Be7 {[%emt 0:00:02]} 25. Rae1 {[%emt 0:00:00]} Be6 {[%emt 0:00:02]} 26. c4 {[%emt 0:00:02]} Qg6 {[%emt 0:00:02]} 27. Qb3 {[%emt 0:00:01]} Rb8 {[%emt 0:00:02]} 28. Qc3 {[%emt 0:00:00]} Bf5 {[%emt 0:00:03]} 29. b3 {[%emt 0:00:00]} Red8 {[%emt 0:00:01]} 30. Bf2 {[%emt 0:00:01]} Rd4 {[%emt 0:00:01]} 31. Rg3 {[%emt 0:00:00]} Qh5 {[%emt 0:00:01]} 32. Bxd4 {[%emt 0:00:00]} cxd4 {[%emt 0:00:00]} 33. Qf3 {[%emt 0:00:00]} Rc8 {[%emt 0:00:00]} 34. Qxh5 {[%emt 0:00:01]} Bg6 {[%emt 0:00:00]} 35. Rxg6 {[%emt 0:00:01]} fxg6 {[%emt 0:00:00]} 36. Qxg6 {[%emt 0:00:00]} Rf8 {[%emt 0:00:01]} 37. Bd5+ {[%emt 0:00:00]} Kh8 {[%emt 0:00:01]} 38. Be4 {[%emt 0:00:00]} Kg8 {[%emt 0:00:01]} 39. Qh7+ {[%emt 0:00:00]} Kf7 {[%emt 0:00:00]} 40. Bd5+ {[%emt 0:00:00]} Ke8 {[%emt 0:00:01]} 41. Qg6+ {[%emt 0:00:00]} Kd7 {[%emt 0:00:01]} 42. Qc6+ {[%emt 0:00:01]} Kd8 {[%emt 0:00:00]} 43. Be6 {[%emt 0:00:00] BrainThinker22 resigns (Lag: Av=0.51s, max=1.1s)} 1-0

[Event "Stay Safe Play From Home 349"]
[Site "Emanuel Lasker Arena"]
[Date "2020.08.02"]
[Round "4"]
[White "Uber_WING"]
[Black "SoulofWolf"]
[Result "1-0"]
[WhiteElo "2375"]
[BlackElo "2044"]
[PlyCount "83"]
[EventDate "2020.08.02"]
[EventType "swiss (blitz)"]

1. e4 {[%emt 0:00:01]} d5 {[%emt 0:00:00]} 2. Nf3 {[%emt 0:00:01]} dxe4 {[%emt 0:00:01]} 3. Ng5 {[%emt 0:00:01]} Nf6 {[%emt 0:00:00]} 4. d3 {[%emt 0:00:01]} exd3 {[%emt 0:00:01]} 5. Bxd3 {[%emt 0:00:00]} e6 {[%emt 0:00:01]} 6. Nc3 {[%emt 0:00:01]} Nc6 {[%emt 0:00:01]} 7. Be3 {[%emt 0:00:00]} h6 {[%emt 0:00:00]} 8. Nf3 {[%emt 0:00:01]} Bb4 {[%emt 0:00:00]} 9. Qe2 {[%emt 0:00:01]} Bd7 {[%emt 0:00:01]} 10. Bd2 {[%emt 0:00:01]} Qe7 {[%emt 0:00:00]} 11. a3 {[%emt 0:00:01]} Ba5 {[%emt 0:00:01]} 12. O-O {[%emt 0:00:01]} O-O {[%emt 0:00:01]} 13. Rad1 {[%emt 0:00:01]} a6 {[%emt 0:00:02]} 14. Rfe1 {[%emt 0:00:00]} b5 {[%emt 0:00:01]} 15. Ne4 {[%emt 0:00:01]} Bb6 {[%emt 0:00:01]} 16. Nxf6+ {[%emt 0:00:01]} Qxf6 {[%emt 0:00:01]} 17. Qe4 {[%emt 0:00:00]} Qf5 {[%emt 0:00:09]} 18. Qe2 {[%emt 0:00:01]} Qf6 {[%emt 0:00:01]} 19. Bc3 {[%emt 0:00:00]} e5 {[%emt 0:00:12]} 20. Nxe5 {[%emt 0:00:01]} Nxe5 {[%emt 0:00:00]} 21. Bxe5 {[%emt 0:00:00]} Qh4 {[%emt 0:00:04]} 22. g3 {[%emt 0:00:05]} Qh3 {[%emt 0:00:02]} 23. Qe4 {[%emt 0:00:01]} g6 {[%emt 0:00:06]} 24. Bf1 {[%emt 0:00:02]} Qf5 {[%emt 0:00:03]} 25. Bg2 {[%emt 0:00:03]} Rae8 {[%emt 0:00:02]} 26. Qxf5 {[%emt 0:00:02]} Bxf5 {[%emt 0:00:00]} 27. c3 {[%emt 0:00:03]} Re7 {[%emt 0:00:01]} 28. Bf6 {[%emt 0:00:02]} Rxe1+ {[%emt 0:00:02]} 29. Rxe1 {[%emt 0:00:00]} Kh7 {[%emt 0:00:02]} 30. Bd5 {[%emt 0:00:01]} g5 {[%emt 0:00:01]} 31. Kg2 {[%emt 0:00:01]} Kg6 {[%emt 0:00:00]} 32. Bd4 {[%emt 0:00:00]} h5 {[%emt 0:00:00]} 33. Bxb6 {[%emt 0:00:01]} cxb6 {[%emt 0:00:00]} 34. h3 {[%emt 0:00:01]} Rd8 {[%emt 0:00:00]} 35. Bf3 {[%emt 0:00:01]} Rd2 {[%emt 0:00:01]} 36. g4 {[%emt 0:00:01]} hxg4 {[%emt 0:00:00]} 37. hxg4 {[%emt 0:00:00]} Be6 {[%emt 0:00:00]} 38. Be4+ {[%emt 0:00:00]} Kf6 {[%emt 0:00:02]} 39. b4 {[%emt 0:00:00]} Rb2 {[%emt 0:00:01]} 40. Bf3 {[%emt 0:00:00]} a5 {[%emt 0:00:00]} 41. Re5 {[%emt 0:00:00]} axb4 {[%emt 0:00:00]} 42. Rf5+ {[%emt 0:00:00] Czas (Lag: Av=0.70s, max=1.5s)} 1-0

[Event "Stay Safe Play From Home 349"]
[Site "Emanuel Lasker Arena"]
[Date "2020.08.02"]
[Round "4"]
[White "Mepe_Nika"]
[Black "NTBT_DHS"]
[Result "0-1"]
[WhiteElo "2354"]
[BlackElo "2558"]
[Annotator "TA"]
[PlyCount "60"]
[EventDate "2020.08.02"]
[EventType "swiss (blitz)"]

{[%evp 9,60,-8,16,18,52,22,70,67,80,66,65,51,48,48,57,56,53,52,56,62,57,57,66,45,66,60,83,74,74,74,71,52,54,54,54,39,79,0,0,0,0,0,0,-230,0,-101,-96,-91,-83,-707,-700,-29984,-29985]} 1. d4 Nf6 2. Bf4 d5 3. e3 c5 4. c3 Nc6 5. Nd2 Qb6 6. Qb3 {D00: 1 d4 d5: Unusual lines.} c4 7. Qc2 $1 h6 $5 {[%mdl 4] Leaves trodden paths.} 8. Ngf3 {[#] White is slightly better.} g5 $146 {[#]} ({Predecessor:} 8... Qd8 9. b3 cxb3 10. axb3 Bg4 11. Bb5 Bxf3 12. Nxf3 e6 13. Ne5 Qc8 14. O-O Be7 {1-0 (28) Suranyi,G-Hegedus,S Hajduboszormeny 1997}) 9. Bg3 $1 Nh5 10. Be2 Nxg3 11. hxg3 Bg7 12. b3 cxb3 13. axb3 e5 14. dxe5 Nxe5 15. Nxe5 Bxe5 16. Nf3 Bg7 17. O-O Be6 18. Nd4 O-O 19. Nxe6 fxe6 20. Rfc1 Rac8 21. Qg6 Rf6 22. Qd3 Rcf8 23. Bf3 (23. Rf1 $16) 23... g4 24. Bxg4 Rxf2 25. Bf3 Rb2 $36 {[%mdl 2048] Black has good play.} 26. c4 $2 {[#]} (26. Bd1 $11) 26... d4 $2 ({Not} 26... Qxb3 27. Ra3 $15) ({Black should try} 26... Rxb3 $19 27. Qg6 Qxe3+ 28. Kh2 Rf6) 27. exd4 (27. Rcb1 $11 dxe3 28. Rxb2 Bxb2 29. Qg6+ Bg7 30. Re1) 27... Qxd4+ $17 28. Qxd4 Bxd4+ 29. Kh2 $2 {[%mdl 8192]} (29. Kh1 $17) 29... Rxf3 $1 $19 30. Rxa7 Bxa7 {Accuracy: White = 62%, Black = 74%.} 0-1

[Event "Stay Safe Play From Home 349"]
[Site "Emanuel Lasker Arena"]
[Date "2020.08.02"]
[Round "4"]
[White "Nuktotitakoi"]
[Black "little champs"]
[Result "0-1"]
[WhiteElo "2337"]
[BlackElo "2138"]
[PlyCount "64"]
[EventDate "2020.08.02"]
[EventType "swiss (blitz)"]

1. e4 {[%emt 0:00:00]} e6 {[%emt 0:00:01]} 2. Nc3 {[%emt 0:00:00]} d5 {[%emt 0:00:00]} 3. Nf3 {[%emt 0:00:00]} dxe4 {[%emt 0:00:00]} 4. Nxe4 {[%emt 0:00:00]} Be7 {[%emt 0:00:00]} 5. Nc3 {[%emt 0:00:00]} Nf6 {[%emt 0:00:00]} 6. d4 {[%emt 0:00:00]} O-O {[%emt 0:00:00]} 7. Be3 {[%emt 0:00:00]} b6 {[%emt 0:00:00]} 8. Bc4 {[%emt 0:00:01]} Bb7 {[%emt 0:00:00]} 9. Qe2 {[%emt 0:00:00]} Nbd7 {[%emt 0:00:00]} 10. O-O-O {[%emt 0:00:01]} a5 {[%emt 0:00:00]} 11. d5 {[%emt 0:00:00]} e5 {[%emt 0:00:01]} 12. Nb5 {[%emt 0:00:02]} Bd6 {[%emt 0:00:01]} 13. Nxd6 {[%emt 0:00:02]} cxd6 {[%emt 0:00:01]} 14. Nh4 {[%emt 0:00:00]} g6 {[%emt 0:00:01]} 15. f4 {[%emt 0:00:03]} Rc8 {[%emt 0:00:01]} 16. Bb3 {[%emt 0:00:02]} Re8 {[%emt 0:00:02]} 17. f5 {[%emt 0:00:01]} Nxd5 {[%emt 0:00:02]} 18. fxg6 {[%emt 0:00:04]} hxg6 {[%emt 0:00:01]} 19. Bxd5 {[%emt 0:00:04]} Bxd5 {[%emt 0:00:01]} 20. Rxd5 {[%emt 0:00:00]} Qxh4 {[%emt 0:00:02]} 21. Rxd6 {[%emt 0:00:00]} Nc5 {[%emt 0:00:00]} 22. g3 {[%emt 0:00:01]} Qe4 {[%emt 0:00:02]} 23. Rhd1 {[%emt 0:00:01]} a4 {[%emt 0:00:01]} 24. Kb1 {[%emt 0:00:01]} a3 {[%emt 0:00:01]} 25. b3 {[%emt 0:00:00]} Ne6 {[%emt 0:00:01]} 26. Rd7 {[%emt 0:00:05]} Nd4 {[%emt 0:00:02]} 27. Qf2 {[%emt 0:00:02]} f5 {[%emt 0:00:06]} 28. Bxd4 {[%emt 0:00:01]} exd4 {[%emt 0:00:00]} 29. R7xd4 {[%emt 0:00:00]} Qe3 {[%emt 0:00:00]} 30. Qg2 {[%emt 0:00:02]} Qe2 {[%emt 0:00:02]} 31. Qd5+ {[%emt 0:00:01]} Kh8 {[%emt 0:00:00]} 32. Qf7 {[%emt 0:00:03]} Qxc2+ {[%emt 0:00:02] Nuktotitakoi resigns (Lag: Av=0.79s, max=1.8s)} 0-1

[Event "Stay Safe Play From Home 349"]
[Site "Emanuel Lasker Arena"]
[Date "2020.08.02"]
[Round "4"]
[White "SelamiSahin"]
[Black "Haris kollari 13"]
[Result "1-0"]
[WhiteElo "2143"]
[BlackElo "1717"]
[Annotator "NA"]
[PlyCount "85"]
[EventDate "2020.08.02"]
[EventType "swiss (blitz)"]

1. d4 {[%emt 0:00:01]} e6 {[%emt 0:00:00]} 2. c4 {[%emt 0:00:01]} d5 {[%emt 0:00:00]} 3. Nc3 {[%emt 0:00:00]} c6 {[%emt 0:00:00]} 4. Bf4 {[%emt 0:00:01]} f5 {[%emt 0:00:01]} 5. e3 {[%emt 0:00:00]} Nf6 {[%emt 0:00:01]} 6. Nf3 {[%emt 0:00:01]} Bd6 {[%emt 0:00:01]} 7. Ne5 {[%emt 0:00:00]} O-O {[%emt 0:00:02]} 8. h3 {[%emt 0:00:01]} Qc7 {[%emt 0:00:04]} 9. Bd3 {[%emt 0:00:01]} Nbd7 {[%emt 0:00:01]} 10. Nxd7 {[%emt 0:00:01]} Bxd7 {[%emt 0:00:02]} 11. Bxd6 {[%emt 0:00:01]} Qxd6 {[%emt 0:00:01]} 12. O-O {[%emt 0:00:01]} Ne4 {[%emt 0:00:02]} 13. Qc2 {[%emt 0:00:01]} Be8 {[%emt 0:00:02]} 14. f3 {[%emt 0:00:02]} Nxc3 {[%emt 0:00:02]} 15. bxc3 {[%emt 0:00:00]} Qg3 {[%emt 0:00:01]} 16. e4 {[%emt 0:00:01]} f4 {[%emt 0:00:01]} 17. cxd5 {[%emt 0:00:02]} exd5 {[%emt 0:00:01]} 18. exd5 {[%emt 0:00:01]} cxd5 {[%emt 0:00:01]} 19. Bxh7+ {[%emt 0:00:00]} Kh8 {[%emt 0:00:01]} 20. Bf5 {[%emt 0:00:01]} Ba4 {[%emt 0:00:05]} 21. Qd3 {[%emt 0:00:01]} Bb5 {[%emt 0:00:02]} 22. Qxb5 {[%emt 0:00:01]} Rxf5 {[%emt 0:00:01]} 23. Qxb7 {[%emt 0:00:01]} Raf8 {[%emt 0:00:01]} 24. Rf2 {[%emt 0:00:02]} Re8 {[%emt 0:00:01]} 25. Qd7 {[%emt 0:00:02]} Ref8 {[%emt 0:00:03]} 26. Qe6 {[%emt 0:00:01]} Rg5 {[%emt 0:00:03]} 27. Re1 {[%emt 0:00:05]} Rf6 {[%emt 0:00:01]} 28. Qe8+ {[%emt 0:00:02]} Kh7 {[%emt 0:00:00]} 29. Re5 {[%emt 0:00:00]} Rh6 {[%emt 0:00:03]} 30. Rxg5 {[%emt 0:00:02]} Qxg5 {[%emt 0:00:01]} 31. Qe5 {[%emt 0:00:01]} Qg3 {[%emt 0:00:03]} 32. Qxd5 {[%emt 0:00:01]} Rxh3 {[%emt 0:00:01]} 33. Qf5+ {[%emt 0:00:01]} g6 {[%emt 0:00:02]} 34. Qxh3+ {[%emt 0:00:00]} Qxh3 {[%emt 0:00:01]} 35. gxh3 {[%emt 0:00:00]} g5 {[%emt 0:00:00]} 36. Re2 {[%emt 0:00:00]} Kg6 {[%emt 0:00:00]} 37. Re5 {[%emt 0:00:00]} Kf6 {[%emt 0:00:00]} 38. Kf2 {[%emt 0:00:02]} a6 {[%emt 0:00:00]} 39. Ra5 {[%emt 0:00:00]} g4 {[%emt 0:00:00]} 40. Rxa6+ {[%emt 0:00:00]} Kg5 {[%emt 0:00:02]} 41. fxg4 {[%emt 0:00:00]} Kh4 {[%emt 0:00:01]} 42. Kf3 {[%emt 0:00:00]} Kxh3 {[%emt 0:00:01]} 43. Rh6# {[%emt 0:00:00] (Lag: Av=0.62s, max=1.4s)} 1-0